Loading...
Mythology | 0 | 3 | 1 | 0 | 25 | 76 | 113.33 | 0 | 1 |
Literature - British Literature | 0 | 1 | 0 | 0 | 10 | 136 | 136.00 | 0 | 0 |
Fine Arts - Other Fine Arts | 0 | 1 | 0 | 0 | 10 | 137 | 137.00 | 0 | 0 |
Science - Biology | 0 | 1 | 0 | 0 | 10 | 124 | 124.00 | 0 | 0 |
Literature - World Literature | 0 | 1 | 0 | 0 | 10 | 144 | 144.00 | 0 | 0 |
Fine Arts - Classical Music | 0 | 1 | 1 | 1 | 5 | 145 | 145.00 | 0 | 1 |
History - European History | 0 | 0 | 0 | 0 | 0 | 0.00 | 0 | 0 | |
History - World History | 0 | 0 | 0 | 0 | 0 | 0.00 | 0 | 0 | |
Philosophy | 0 | 0 | 0 | 0 | 0 | 0.00 | 0 | 0 | |
Literature - American Literature | 0 | 0 | 1 | 0 | -5 | 0.00 | 0 | 0 | |
Science - Chemistry | 0 | 0 | 1 | 0 | -5 | 0.00 | 0 | 0 | |
Literature - European Literature | 0 | 0 | 1 | 0 | -5 | 0.00 | 0 | 0 | |
History - American History | 0 | 0 | 1 | 0 | -5 | 0.00 | 0 | 0 |